THE TECH CONTRACTS HAND BOOK (Record no. 216654)

MARC details
000 -LEADER
fixed length control field 00541nam a22001817a 4500
008 - FIXED-LENGTH DATA ELEMENTS--GENERAL INFORMATION
fixed length control field 260225b |||||||| |||| 00| 0 eng d
020 ## - INTERNATIONAL STANDARD BOOK NUMBER
International Standard Book Number 978-1-64105-853-7
050 ## - LIBRARY OF CONGRESS CALL NUMBER
Classification number KF 905 .C6 T65 2021
Item number 1
100 ## - MAIN ENTRY--PERSONAL NAME
Personal name TOLLEN DAVID.W
245 ## - TITLE STATEMENT
Title THE TECH CONTRACTS HAND BOOK
250 ## - EDITION STATEMENT
Edition statement 3RD EDITION
260 ## - PUBLICATION, DISTRIBUTION, ETC.
Place of publication, distribution, etc. CHICAGO
Name of publisher, distributor, etc. AMERICAN BAR ASSOCIATION INTELLECTUAL PROPERTY LAW SECTION
Date of publication, distribution, etc. 2021
300 ## - PHYSICAL DESCRIPTION
Extent INCLUDES APPENNDIX GLOSSARY INDEX
500 ## - GENERAL NOTE
General note XXV,373P
650 ## - SUBJECT ADDED ENTRY
Topical term or geographic name entry element COMPUTER CONTRACTS
942 ## - ADDED ENTRY ELEMENTS (KOHA)
Source of classification or shelving scheme Library of Congress Classification
Koha item type Long Loan Book
Holdings
Withdrawn status Lost status Source of classification or shelving scheme Damaged status Not for loan Collection Home library Current library Shelving location Date acquired Inventory number Total checkouts Full call number Barcode Date last seen Copy number Price effective from Koha item type
    Library of Congress Classification     Law Kisii University Library Kisii University Library On Display 02/25/2026 112086   KF 905 .C6 T65 2021 A000093 02/25/2026 1 02/25/2026 Long Loan Book
    Library of Congress Classification     Law Kisii University Library Kisii University Library On Display 02/25/2026 112087   KF 905 .C6 T65 2021 A000096 02/25/2026 2 02/25/2026 Long Loan Book
    Library of Congress Classification     Law Kisii University Library Kisii University Library On Display 02/25/2026 112088   KF 905 .C6 T65 2021 A000094 02/25/2026 3 02/25/2026 Long Loan Book
    Library of Congress Classification     Law Kisii University Library Kisii University Library On Display 02/25/2026 112089   KF 905 .C6 T65 2021 A000097 02/25/2026 4 02/25/2026 Long Loan Book
    Library of Congress Classification     Science & Technology Kisii University Library Kisii University Library On Display 04/07/2026 112090   HQ 31.G74 2003 A000095 04/07/2026 C.5 04/07/2026 Long Loan Book